[Event "Chessemy Open 2022"]
[Site "Reinstorf"]
[Date "2022.01.29"]
[Round "1.33"]
[White "Anderberg, Peter"]
[Black "Hildebrand, Georg"]
[Result "1-0"]
[WhiteElo "2003"]
[BlackElo "1482"]
[Annotator "TA"]
[PlyCount "55"]
[EventDate "2022.01.29"]
[EventType "swiss"]
[EventCountry "GER"]
[SourceTitle "playchess.com"]
[Source "ChessBase"]
[SourceQuality "1"]

1. d4 g6 2. c4 Bg7 3. e4 b6 4. Nf3 Bb7 5. Bd3 d6 6. O-O Nd7 7. Qe2 c5 8. d5 Ne5 9. Nfd2 Nxd3 10. Qxd3 Bc8 11. Nc3 f5 12. Re1 f4 13. Nf3 Bh6 14. e5 Bf5 15. Qe2 Bg4 16. exd6 Qxd6 17. Nb5 Qd7 18. Qe5 O-O-O 19. Bxf4 Bxf4 20. Qxf4 Bxf3 21. Qxf3 Kb8 22. Re6 Rc8 23. Rae1 Kb7 24. d6+ Qc6 25. d7 Qxf3 26. dxc8=B+ Kxc8 27. gxf3 Kb7 28. Rd1 1-0

[Event "Chessemy Open 2022"]
[Site "Reinstorf"]
[Date "2022.01.29"]
[Round "1.34"]
[White "Nyenhuis, Yannek"]
[Black "Mohammadi, Sholeh"]
[Result "1-0"]
[WhiteElo "1956"]
[BlackElo "1162"]
[Annotator "TA"]
[PlyCount "69"]
[EventDate "2022.01.29"]
[EventType "swiss"]
[EventCountry "GER"]
[SourceTitle "playchess.com"]
[Source "ChessBase"]
[SourceQuality "1"]

1. d4 d5 2. Bf4 Nf6 3. e3 h6 4. Nf3 Nc6 5. c4 dxc4 6. Bxc4 e6 7. Nc3 a6 8. O-O Bd6 9. Ne5 Bxe5 10. Bxe5 O-O 11. Bg3 Ne7 12. Rc1 c5 13. dxc5 Qxd1 14. Rfxd1 Nd7 15. Bd6 Re8 16. Be2 Nf5 17. Ne4 e5 18. Bg4 Nxd6 19. Nxd6 Re7 20. Nxc8 Rxc8 21. Rxd7 Rxd7 22. Bxd7 Rc7 23. Bg4 Rc6 24. Bf3 Rc7 25. h3 Kf8 26. Kf1 f5 27. Bd5 Ke7 28. e4 fxe4 29. Bxe4 Kf6 30. Ke2 Kg5 31. c6 bxc6 32. Rxc6 Ra7 33. g3 a5 34. f3 h5 35. h4# 1-0

[Event "Chessemy Open 2022"]
[Site "Reinstorf"]
[Date "2022.01.29"]
[Round "1.34"]
[White "Uhlenbrock, Sven"]
[Black "Gohla, Ulf"]
[Result "1/2-1/2"]
[WhiteElo "1629"]
[BlackElo "2139"]
[Annotator "TA"]
[PlyCount "89"]
[EventDate "2022.01.29"]
[EventType "swiss"]
[EventCountry "GER"]
[SourceTitle "playchess.com"]
[Source "ChessBase"]
[SourceQuality "1"]

1. d4 Nf6 2. Bg5 c6 3. Nd2 Qb6 4. Nb3 Ne4 5. Bf4 d6 6. e3 a5 7. Bd3 Nf6 8. Ne2 g6 9. O-O Bg7 10. h3 Nd5 11. c3 Nxf4 12. Nxf4 O-O 13. Nd2 Qc7 14. a4 e5 15. Ne2 Be6 16. Qc2 Nd7 17. Ng3 d5 18. f4 e4 19. Be2 c5 20. Rfc1 Rfc8 21. Qd1 Qd8 22. Nh1 Qh4 23. Qf1 f5 24. Qf2 Qxf2+ 25. Nxf2 Rc7 26. Nb3 b6 27. g4 Rac8 28. Kf1 cxd4 29. Ke1 Nb8 30. cxd4 Rxc1+ 31. Rxc1 Rxc1+ 32. Nxc1 Bf8 33. Na2 Kf7 34. Bb5 Bc8 35. g5 Ke6 36. Kd2 Na6 37. Nd1 Nc7 38. Be2 Bd7 39. Ndc3 Kd6 40. Nb5+ Nxb5 41. Bxb5 Bxb5 42. axb5 Kd7 43. Kc3 h6 44. Kc2 h5 45. h4 1/2-1/2

[Event "Chessemy Open 2022"]
[Site "Reinstorf"]
[Date "2022.01.29"]
[Round "1.35"]
[White "Eilenberg, Jonas"]
[Black "Fernandez Garcia, Alfonso Javier"]
[Result "1-0"]
[WhiteElo "2135"]
[BlackElo "1619"]
[Annotator "TA"]
[PlyCount "115"]
[EventDate "2022.01.29"]
[EventType "swiss"]
[EventCountry "GER"]
[SourceTitle "playchess.com"]
[Source "ChessBase"]
[SourceQuality "1"]

1. d4 Nf6 2. Nf3 g6 3. Nbd2 Bg7 4. e4 d6 5. Bd3 O-O 6. O-O Nbd7 7. a4 a5 8. Re1 e5 9. c3 c6 10. Nf1 h6 11. Ng3 Qc7 12. h3 Re8 13. Be3 Nf8 14. Qd2 Kh7 15. Kh1 Bd7 16. Nh4 Ne6 17. f4 exf4 18. Bxf4 Nxf4 19. Qxf4 Re7 20. Nf3 Rae8 21. Re2 Kg8 22. Rae1 Bc8 23. Qd2 Bd7 24. Rf1 Bc8 25. Ng1 Nh7 26. Nf3 Nf6 27. Rfe1 Bd7 28. Bb1 Be6 29. Qd3 Qc8 30. Kh2 Qc7 31. Nd2 Rd8 32. Rf1 Rde8 33. Kg1 Qc8 34. Ref2 Nh7 35. Ne2 Qc7 36. Nf4 Nf8 37. Nxe6 Nxe6 38. Ba2 Qd7 39. Nc4 Qc7 40. Qg3 Rd8 41. h4 Rdd7 42. Ne3 h5 43. Rxf7 d5 44. Qxc7 Nxc7 45. Rxe7 Rxe7 46. exd5 cxd5 47. Nxd5 Nxd5 48. Bxd5+ Kh7 49. Kf2 Bh6 50. Re1 Rd7 51. Bf3 Bf4 52. Re6 Bc7 53. Bxb7 Bd8 54. Be4 Bxh4+ 55. g3 Rf7+ 56. Kg2 Bf6 57. Ra6 Kg7 58. Rxa5 1-0

[Event "Chessemy Open 2022"]
[Site "Reinstorf"]
[Date "2022.01.29"]
[Round "1.36"]
[White "Wetterling, Manfred"]
[Black "Bui, Bao Anh Le"]
[Result "0-1"]
[WhiteElo "1619"]
[BlackElo "2132"]
[Annotator "TA"]
[PlyCount "52"]
[EventDate "2022.01.29"]
[EventType "swiss"]
[EventCountry "GER"]
[SourceTitle "playchess.com"]
[Source "ChessBase"]
[SourceQuality "1"]

1. e4 c5 2. Nf3 d6 3. d4 cxd4 4. Nxd4 Nf6 5. Nc3 a6 6. Bg5 e6 7. f4 h6 8. Bh4 Qb6 9. Na4 Qa5+ 10. c3 b5 11. b4 Qxa4 12. Bxf6 Qxd1+ 13. Rxd1 gxf6 14. Be2 Bb7 15. Bf3 Nd7 16. O-O Nb6 17. Bh5 Ke7 18. e5 dxe5 19. fxe5 Bg7 20. exf6+ Bxf6 21. Rxf6 Kxf6 22. Rf1+ Ke5 23. Bxf7 Bd5 24. Bxe6 Bxe6 25. Re1+ Kd5 26. Rxe6 Na4 0-1

[Event "Chessemy Open 2022"]
[Site "Reinstorf"]
[Date "2022.01.29"]
[Round "1.37"]
[White "Germer, Philipp"]
[Black "Luthardt, Christopher"]
[Result "1-0"]
[WhiteElo "2132"]
[BlackElo "1616"]
[Annotator "TA"]
[PlyCount "45"]
[EventDate "2022.01.29"]
[EventType "swiss"]
[EventCountry "GER"]
[SourceTitle "playchess.com"]
[Source "ChessBase"]
[SourceQuality "1"]

1. e4 e5 2. Nf3 Nc6 3. Bc4 Nf6 4. Ng5 d5 5. exd5 Na5 6. Bb5+ c6 7. dxc6 bxc6 8. Bd3 h6 9. Ne4 Nxe4 10. Bxe4 Qd4 11. Qf3 Bd7 12. O-O Be7 13. c3 Qb6 14. Qg3 Bf6 15. Na3 O-O-O 16. d4 exd4 17. b4 Nb7 18. Nc4 Qb5 19. Bd3 Qd5 20. Bf4 Bf5 21. Bb8 Rd7 22. Bxa7 Bd8 23. Qb8# 1-0

[Event "Chessemy Open 2022"]
[Site "Reinstorf"]
[Date "2022.01.29"]
[Round "1.38"]
[White "Rennkamp, Johannes"]
[Black "Ermitsch, Magnus"]
[Result "1/2-1/2"]
[WhiteElo "1608"]
[BlackElo "2127"]
[Annotator "TA"]
[PlyCount "62"]
[EventDate "2022.01.29"]
[EventType "swiss"]
[EventCountry "GER"]
[SourceTitle "playchess.com"]
[Source "ChessBase"]
[SourceQuality "1"]

1. d4 e6 2. Nf3 Nf6 3. Bg5 d5 4. c4 Be7 5. Nc3 h6 6. Bh4 O-O 7. e3 b6 8. cxd5 exd5 9. Rc1 Bf5 10. Bd3 Bxd3 11. Qxd3 c6 12. Ne5 Nfd7 13. Nxd7 Nxd7 14. Bg3 Nf6 15. O-O Rc8 16. Rfd1 Qd7 17. Rc2 Rfd8 18. Be5 Nh7 19. Rcd2 Nf8 20. a3 Qe6 21. Qa6 Ra8 22. h3 Nd7 23. Bf4 Bd6 24. Bxd6 Qxd6 25. Rc2 Rac8 26. Rdc1 Rb8 27. Na4 Rdc8 28. Nc3 Rd8 29. Na4 Rbc8 30. Nc3 Rb8 31. Na4 Rdc8 1/2-1/2

[Event "Chessemy Open 2022"]
[Site "Reinstorf"]
[Date "2022.01.29"]
[Round "1.39"]
[White "Lehaci, Miruna-Daria"]
[Black "Brandt, Wolfgang"]
[Result "1-0"]
[WhiteElo "2200"]
[BlackElo "1607"]
[Annotator "RC"]
[PlyCount "51"]
[EventDate "2022.01.29"]
[EventType "swiss"]
[EventCountry "GER"]
[SourceTitle "playchess.com"]
[Source "ChessBase"]
[SourceQuality "1"]

1. e4 c5 2. Nf3 d6 3. d4 cxd4 4. Nxd4 Nf6 5. Nc3 a6 6. Be3 e5 7. Nb3 Be7 8. f3 O-O 9. Qd2 b5 10. Nd5 Nbd7 11. Nxe7+ Qxe7 12. O-O-O Ne8 13. g4 Nc5 14. Nxc5 dxc5 15. Qf2 Nd6 16. Bxc5 Rd8 17. Qd2 Qe6 18. Bxd6 a5 19. Bxb5 Ba6 20. a4 Bxb5 21. axb5 Qa2 22. Qd5 Qa1+ 23. Kd2 Qxb2 24. Rb1 Qd4+ 25. Qxd4 exd4 26. Bc7 1-0

[Event "Chessemy Open 2022"]
[Site "Reinstorf"]
[Date "2022.01.29"]
[Round "1.40"]
[White "Krause, Helmut"]
[Black "Chennaoui, Yasin"]
[Result "0-1"]
[WhiteElo "1595"]
[BlackElo "2123"]
[Annotator "TA"]
[PlyCount "74"]
[EventDate "2022.01.29"]
[EventType "swiss"]
[EventCountry "GER"]
[SourceTitle "playchess.com"]
[Source "ChessBase"]
[SourceQuality "1"]

1. d4 d6 2. Nc3 g6 3. Bf4 Bg7 4. Qd2 Nf6 5. e4 O-O 6. Be2 c6 7. h3 Qa5 8. Nf3 Nbd7 9. O-O e5 10. Be3 exd4 11. Nxd4 Re8 12. Nb3 Qc7 13. Rad1 Nxe4 14. Nxe4 Rxe4 15. Bf3 Re8 16. c3 Ne5 17. Be2 d5 18. Bd4 b6 19. Rfe1 Bb7 20. Bf1 c5 21. Be3 Bf8 22. Bh6 f6 23. Bxf8 Kxf8 24. Qh6+ Kg8 25. Qf4 Kg7 26. h4 h5 27. Re3 Re7 28. Nd2 Rae8 29. Bb5 Bc6 30. Bxc6 Qxc6 31. Rde1 Qd7 32. Qg3 Ng4 33. Rxe7+ Rxe7 34. Rxe7+ Qxe7 35. Qd3 Qe1+ 36. Nf1 Qxf2+ 37. Kh1 Qxh4+ 0-1

[Event "Chessemy Open 2022"]
[Site "Reinstorf"]
[Date "2022.01.29"]
[Round "1.41"]
[White "De Winter, Arthur"]
[Black "Chitsazian, Daniel"]
[Result "1-0"]
[WhiteElo "2122"]
[BlackElo "1594"]
[Annotator "TA"]
[PlyCount "111"]
[EventDate "2022.01.29"]
[EventType "swiss"]
[EventCountry "GER"]
[SourceTitle "playchess.com"]
[Source "ChessBase"]
[SourceQuality "1"]

1. e4 c5 2. Nf3 Nc6 3. d4 cxd4 4. Nxd4 Nf6 5. Nc3 e5 6. Ndb5 d6 7. Nd5 Nxd5 8. exd5 Nb8 9. a4 Be7 10. Be2 O-O 11. O-O f5 12. Kh1 Na6 13. f4 e4 14. Be3 b6 15. Nd4 Rf6 16. Nc6 Qc7 17. a5 Bf8 18. axb6 axb6 19. Qd4 Bb7 20. Qxb6 Qxb6 21. Bxb6 Nc5 22. Rxa8 Bxa8 23. Ra1 Bb7 24. b4 Nd7 25. Bd4 Rf7 26. Nd8 Bxd5 27. c4 Be7 28. Nxf7 Bxf7 29. b5 h6 30. Ra8+ Kh7 31. b6 d5 32. Ra7 Be8 33. cxd5 Bd8 34. Ra8 Bxb6 35. Bxb6 Nxb6 36. Rxe8 Nxd5 37. g3 Kg6 38. Kg1 Kf6 39. Re5 Nc7 40. g4 g6 41. gxf5 gxf5 42. Kf2 Ne6 43. Ke3 Ng7 44. Ra5 Ne6 45. Ra6 Ke7 46. Bc4 Nf8 47. Rxh6 Nd7 48. Be6 Nf6 49. Bxf5 Kf7 50. Rxf6+ Kg7 51. Rg6+ Kf7 52. h4 Kf8 53. h5 Kf7 54. h6 Kf8 55. h7 Kf7 56. h8=Q 1-0

[Event "Chessemy Open 2022"]
[Site "Reinstorf"]
[Date "2022.01.29"]
[Round "1.42"]
[White "Schulze, Tim"]
[Black "Zimmermann, Luc"]
[Result "1-0"]
[WhiteElo "1578"]
[BlackElo "2120"]
[Annotator "TA"]
[PlyCount "51"]
[EventDate "2022.01.29"]
[EventType "swiss"]
[EventCountry "GER"]
[SourceTitle "playchess.com"]
[Source "ChessBase"]
[SourceQuality "1"]

1. d4 Nf6 2. c4 g6 3. Nc3 d5 4. cxd5 Nxd5 5. e4 Nxc3 6. bxc3 Bg7 7. Nf3 c5 8. Rb1 O-O 9. Be2 b6 10. O-O Bb7 11. Qc2 cxd4 12. cxd4 Qd6 13. d5 e6 14. Qb3 Nd7 15. Ba3 Nc5 16. dxe6 Bxe4 17. exf7+ Kh8 18. Rbd1 Qf4 19. Bxc5 bxc5 20. Bc4 Bxf3 21. gxf3 Rab8 22. Qd3 Be5 23. Rfe1 Qxh2+ 24. Kf1 Bd4 25. Rd2 Rbe8 26. Re7 1-0

[Event "Chessemy Open 2022"]
[Site "Reinstorf"]
[Date "2022.01.29"]
[Round "1.44"]
[White "Wraga, Teresa"]
[Black "Gressmann, Moritz"]
[Result "0-1"]
[WhiteElo "1562"]
[BlackElo "2114"]
[Annotator "TA"]
[PlyCount "62"]
[EventDate "2022.01.29"]
[EventType "swiss"]
[EventCountry "GER"]
[SourceTitle "playchess.com"]
[Source "ChessBase"]
[SourceQuality "1"]

1. e4 Nf6 2. Nc3 d6 3. g3 g6 4. Bg2 Bg7 5. d3 c5 6. f4 Nc6 7. Nf3 O-O 8. O-O Bd7 9. Be3 Rb8 10. h3 b5 11. Rb1 b4 12. Ne2 Qa5 13. Ra1 Rfc8 14. Qd2 c4 15. Nfd4 c3 16. bxc3 bxc3 17. Nxc3 Nxd4 18. Bxd4 e5 19. fxe5 dxe5 20. Bxe5 Qxe5 21. d4 Qa5 22. e5 Qxc3 23. Qxc3 Rxc3 24. exf6 Bh6 25. Rab1 Rd8 26. Rb2 Be3+ 27. Kh2 Bxd4 28. Rfb1 Bxf6 29. Rb7 Rxc2 30. Rxa7 Bc6 31. Rg1 Bd4 0-1

[Event "Chessemy Open 2022"]
[Site "Reinstorf"]
[Date "2022.01.29"]
[Round "1.45"]
[White "Koellner, Christof"]
[Black "Zoellner, Bente"]
[Result "1-0"]
[WhiteElo "2122"]
[BlackElo "1562"]
[Annotator "TA"]
[PlyCount "51"]
[EventDate "2022.01.29"]
[EventType "swiss"]
[EventCountry "GER"]
[SourceTitle "playchess.com"]
[Source "ChessBase"]
[SourceQuality "1"]

1. d4 Nf6 2. Bg5 g6 3. Bxf6 exf6 4. c4 c5 5. e3 cxd4 6. exd4 Bb4+ 7. Nc3 O-O 8. Qd2 Re8+ 9. Nge2 Nc6 10. O-O-O Ne7 11. d5 Nf5 12. Kb1 Qb6 13. g4 Nd6 14. Qf4 Kg7 15. h4 Ba3 16. Rd2 Bc5 17. Ng3 Bb4 18. Rd3 Re1+ 19. Kc2 Qa6 20. h5 g5 21. h6+ Kf8 22. Qxf6 Nxc4 23. Qg7+ Ke8 24. Qg8+ Bf8 25. Rf3 f6 26. Bxc4 1-0

[Event "Chessemy Open 2022"]
[Site "Reinstorf"]
[Date "2022.01.29"]
[Round "1.46"]
[White "Nautsch, Thomas"]
[Black "Oest, Thorsten"]
[Result "0-1"]
[WhiteElo "1550"]
[BlackElo "2111"]
[Annotator "TA"]
[PlyCount "46"]
[EventDate "2022.01.29"]
[EventType "swiss"]
[EventCountry "GER"]
[SourceTitle "playchess.com"]
[Source "ChessBase"]
[SourceQuality "1"]

1. b3 e5 2. Bb2 Nc6 3. c4 Bc5 4. Nf3 d6 5. Nc3 a5 6. e3 Bg4 7. Be2 Nf6 8. O-O O-O 9. Nb5 e4 10. Nfd4 Bxe2 11. Nxe2 Ne5 12. Bxe5 dxe5 13. Nbc3 Qd3 14. Nc1 Qd7 15. Qc2 Ra6 16. Rd1 Qg4 17. h3 Qh4 18. N1e2 g5 19. Ng3 g4 20. Ncxe4 Ba3 21. Nf5 Qh5 22. Neg3 Qg6 23. Ne7+ Bxe7 0-1

[Event "Chessemy Open 2022"]
[Site "Reinstorf"]
[Date "2022.01.29"]
[Round "1.48"]
[White "Krause, Marianne"]
[Black "Ermitsch, Michael"]
[Result "1/2-1/2"]
[WhiteElo "1548"]
[BlackElo "2103"]
[Annotator "TA"]
[PlyCount "39"]
[EventDate "2022.01.29"]
[EventType "swiss"]
[EventCountry "GER"]
[SourceTitle "playchess.com"]
[Source "ChessBase"]
[SourceQuality "1"]

1. d4 g6 2. Nc3 Bg7 3. e4 d6 4. Nf3 Nf6 5. Be3 O-O 6. Qd2 Ng4 7. Bg5 h6 8. Bh4 Nd7 9. h3 Ngf6 10. Bc4 c5 11. O-O-O Nb6 12. Be2 Nfd7 13. Rhe1 cxd4 14. Nxd4 Nc5 15. f3 Re8 16. Bf2 Bd7 17. Be3 Kh7 18. Nb3 Nca4 19. Nxa4 Bxa4 20. Qb4 1/2-1/2

[Event "Chessemy Open 2022"]
[Site "Reinstorf"]
[Date "2022.01.29"]
[Round "1.49"]
[White "Paashaus, Detlef"]
[Black "Jessen, Bjarne"]
[Result "0-1"]
[WhiteElo "2096"]
[BlackElo "1547"]
[Annotator "TA"]
[PlyCount "72"]
[EventDate "2022.01.29"]
[EventType "swiss"]
[EventCountry "GER"]
[SourceTitle "playchess.com"]
[Source "ChessBase"]
[SourceQuality "1"]

1. e4 e5 2. Nc3 Nf6 3. f4 d5 4. fxe5 Nxe4 5. Qf3 Nc6 6. Bb5 Nxc3 7. bxc3 Qh4+ 8. g3 Qe4+ 9. Qxe4 dxe4 10. Bxc6+ bxc6 11. Ne2 Ba6 12. Rf1 g5 13. Rf6 Bb7 14. Rb1 O-O-O 15. Rxf7 Re8 16. Rf5 Bc5 17. d4 exd3 18. cxd3 h6 19. d4 Bb6 20. Ba3 c5 21. Rd1 cxd4 22. cxd4 Bd5 23. Nc1 Ba5+ 24. Kf2 Bb6 25. Nb3 Be4 26. Rf6 Rxe5 27. Rxb6 Rf5+ 28. Ke3 Bc2 29. Rc1 Re8+ 30. Kd2 Rf2+ 31. Kc3 Re3+ 32. Kb4 axb6 33. d5 Bxb3 34. axb3 Rff3 35. Rb1 Kd7 36. Ka4 Rd3 0-1

[Event "Chessemy Open 2022"]
[Site "Reinstorf"]
[Date "2022.01.29"]
[Round "1.50"]
[White "Ebeling, Hans-Juergen"]
[Black "Kaeding, Rainer"]
[Result "0-1"]
[WhiteElo "1538"]
[BlackElo "2095"]
[Annotator "TA"]
[PlyCount "54"]
[EventDate "2022.01.29"]
[EventType "swiss"]
[EventCountry "GER"]
[SourceTitle "playchess.com"]
[Source "ChessBase"]
[SourceQuality "1"]

1. e4 c5 2. Nc3 a6 3. g3 b5 4. Bg2 Bb7 5. Nge2 e6 6. a3 Nf6 7. O-O b4 8. axb4 cxb4 9. Na4 Bxe4 10. d3 Bxg2 11. Kxg2 d5 12. Be3 Nbd7 13. c4 Be7 14. Nd4 Rc8 15. b3 Qc7 16. Nb2 Qb7 17. Kg1 O-O 18. f4 Rfd8 19. Qf3 Nc5 20. g4 dxc4 21. Qxb7 Nxb7 22. dxc4 Nxg4 23. Nc2 Nxe3 24. Nxe3 Bf6 25. Rab1 Nc5 26. Na4 Bd4 27. Nxc5 Bxe3+ 0-1

[Event "Chessemy Open 2022"]
[Site "Reinstorf"]
[Date "2022.01.30"]
[Round "2.1"]
[White "Wolf, Andre"]
[Black "Van den Doel, Erik"]
[Result "0-1"]
[WhiteElo "2121"]
[BlackElo "2591"]
[Annotator "TA"]
[PlyCount "80"]
[EventDate "2022.01.29"]
[EventType "swiss"]
[EventCountry "GER"]
[SourceTitle "playchess.com"]
[Source "ChessBase"]
[SourceQuality "1"]

1. e4 e5 2. Nf3 Nc6 3. Bb5 a6 4. Ba4 Nf6 5. O-O Be7 6. Re1 b5 7. Bb3 O-O 8. h3 Bb7 9. Nc3 d6 10. a4 Na5 11. Ba2 c5 12. d3 b4 13. Ne2 Rb8 14. Ng3 Bc8 15. Bd2 Qc7 16. Bc4 Nxc4 17. dxc4 g6 18. Bh6 Rd8 19. b3 Ne8 20. Qd3 Bf6 21. Rad1 Qe7 22. Nh2 Bg5 23. Bxg5 Qxg5 24. Nf3 Qf4 25. Ne2 Qf6 26. Nh2 Bb7 27. Ng4 Qg5 28. f3 Kg7 29. Ne3 Nc7 30. Nd5 Nxd5 31. cxd5 Rf8 32. Rf1 Rbe8 33. f4 exf4 34. Nxf4 Qe5 35. Rde1 Bc8 36. Re2 Re7 37. Kh1 Rfe8 38. Qc4 Kf8 39. Nd3 Qxe4 40. Rxe4 Rxe4 0-1

[Event "Chessemy Open 2022"]
[Site "Reinstorf"]
[Date "2022.01.30"]
[Round "2.1"]
[White "Hartmann, Wolfgang"]
[Black "Krause, Helmut"]
[Result "1-0"]
[WhiteElo "1917"]
[BlackElo "1595"]
[Annotator "TA"]
[PlyCount "59"]
[EventDate "2022.01.29"]
[EventType "swiss"]
[EventCountry "GER"]
[SourceTitle "playchess.com"]
[Source "ChessBase"]
[SourceQuality "1"]

1. e4 c5 2. c3 e6 3. d3 Nc6 4. Nf3 Be7 5. Be2 d6 6. O-O Nf6 7. a4 a5 8. Na3 O-O 9. Qc2 e5 10. h3 h6 11. Be3 Nh7 12. g4 Ng5 13. Nxg5 Bxg5 14. Qd2 Bxe3 15. Qxe3 Be6 16. f4 exf4 17. Qxf4 Ne5 18. Nb5 Ra6 19. d4 Ng6 20. Qf2 Qe7 21. Bd3 c4 22. Bc2 Qg5 23. Rae1 h5 24. Bd1 hxg4 25. hxg4 Nh4 26. Qf4 Qg6 27. g5 Qh7 28. Rf2 d5 29. Rh2 Ng6 30. Qg3 1-0

[Event "Chessemy Open 2022"]
[Site "Reinstorf"]
[Date "2022.01.30"]
[Round "2.2"]
[White "Tan, Justin"]
[Black "Koellner, Christof"]
[Result "0-1"]
[WhiteElo "2526"]
[BlackElo "2122"]
[Annotator "TA"]
[PlyCount "116"]
[EventDate "2022.01.29"]
[EventType "swiss"]
[EventCountry "GER"]
[SourceTitle "playchess.com"]
[Source "ChessBase"]
[SourceQuality "1"]

1. e4 d6 2. d4 Nf6 3. f3 d5 4. e5 Nfd7 5. f4 c5 6. c3 Nc6 7. Be3 cxd4 8. cxd4 Nb6 9. Nc3 h5 10. Bd3 Bg4 11. Nf3 e6 12. O-O g6 13. Rc1 Rc8 14. a3 Be7 15. h3 Bf5 16. Be2 Na5 17. Nd2 h4 18. Nb5 a6 19. Rxc8 Nxc8 20. Nc3 Qc7 21. Qa4+ Kf8 22. Rc1 b5 23. Qd1 Qd8 24. Qe1 Nc4 25. Nd1 g5 26. b3 Nxa3 27. Nf1 Nc2 28. Qf2 Ba3 29. Rxc2 Bxc2 30. fxg5 Bg6 31. Bd2 Be7 32. Qf4 Na7 33. Nh2 Nc6 34. Nf3 Qb6 35. b4 Ke8 36. Nf2 Kd7 37. Nd3 a5 38. Nc5+ Kc7 39. Nxh4 Rxh4 40. Qxh4 axb4 41. Be3 Qa5 42. Nb3 Qa2 43. Bd1 Qb1 44. Bc1 Na5 45. Qh8 Nxb3 46. Qe8 Bd8 47. Bxb3 Qxb3 48. Kh2 Qc2 49. Qxb5 Qxc1 50. Qa5+ Kd7 51. Qxb4 Be7 52. Qa4+ Qc6 53. Qa7+ Ke8 54. Qb8+ Bd8 55. h4 Be4 56. Kg3 Qc3+ 57. Kg4 Qxd4 58. Kh5 Bg6+ 0-1

[Event "Chessemy Open 2022"]
[Site "Reinstorf"]
[Date "2022.01.30"]
[Round "2.2"]
[White "Jalving, August"]
[Black "Steuer, Christopher"]
[Result "1/2-1/2"]
[WhiteElo "1835"]
[BlackElo "1574"]
[Annotator "NA RC"]
[PlyCount "117"]
[EventDate "2022.01.29"]
[EventType "swiss"]
[EventCountry "GER"]
[SourceTitle "playchess.com"]
[Source "ChessBase"]
[SourceQuality "1"]

1. e4 c6 2. d4 d5 3. Nc3 dxe4 4. Nxe4 Nf6 5. Nxf6+ exf6 6. c3 Bd6 7. Bd3 O-O 8. Qc2 Re8+ 9. Ne2 h5 10. O-O h4 11. Bd2 Nd7 12. Rae1 Nf8 13. Nf4 Be6 14. Nxe6 Nxe6 15. g3 hxg3 16. hxg3 Qc7 17. Kg2 Nf8 18. Rh1 g6 19. Qc1 f5 20. Rxe8 Rxe8 21. Bg5 Be7 22. Bf4 Bd6 23. Bxd6 Qxd6 24. Qg5 Qe7 25. Qxe7 Rxe7 26. f4 Ne6 27. Kf2 Kg7 28. Re1 Kf6 29. Re5 Nc7 30. c4 Rxe5 31. fxe5+ Ke6 32. b4 f6 33. exf6 Kxf6 34. a4 a6 35. b5 axb5 36. axb5 cxb5 37. cxb5 Ne6 38. Ke3 g5 39. b6 f4+ 40. gxf4 gxf4+ 41. Ke4 Nf8 42. Ba6 Nd7 43. Bxb7 Nxb6 44. Kxf4 Ke7 45. Ke5 Kd7 46. Ba6 Na8 47. Bb5+ Kd8 48. Kd6 Nc7 49. Bc6 Na6 50. Bb5 Nc7 51. Bd3 Ne8+ 52. Kc6 Ng7 53. d5 Ne8 54. Bg6 Nc7 55. d6 Ne6 56. Bf7 Nd4+ 57. Kd5 Nf5 58. Be6 Nxd6 59. Kxd6 1/2-1/2

[Event "Chessemy Open 2022"]
[Site "Reinstorf"]
[Date "2022.01.30"]
[Round "2.3"]
[White "Gressmann, Moritz"]
[Black "Kozak, Adam"]
[Result "0-1"]
[WhiteElo "2114"]
[BlackElo "2526"]
[Annotator "TA"]
[PlyCount "54"]
[EventDate "2022.01.29"]
[EventType "swiss"]
[EventCountry "GER"]
[SourceTitle "playchess.com"]
[Source "ChessBase"]
[SourceQuality "1"]

1. e4 c5 2. Nc3 d6 3. d4 cxd4 4. Qxd4 Nc6 5. Qd2 Nf6 6. b3 e6 7. Bb2 Be7 8. O-O-O O-O 9. Kb1 Qa5 10. f3 d5 11. exd5 Rd8 12. Qf4 exd5 13. g4 d4 14. Nb5 Nd5 15. Qc1 Ne3 16. Rxd4 Nxd4 17. Nxd4 Nxf1 18. Qxf1 Bf6 19. Nge2 Qc5 20. Qg1 b6 21. h4 Ba6 22. c4 b5 23. Nxb5 Qxg1+ 24. Rxg1 Bxb2 25. Nc7 Rac8 26. Nxa6 Ba3 27. b4 Rxc4 0-1

[Event "Chessemy Open 2022"]
[Site "Reinstorf"]
[Date "2022.01.30"]
[Round "2.3"]
[White "Ploder, Udo"]
[Black "Wraga, Teresa"]
[Result "1-0"]
[WhiteElo "1873"]
[BlackElo "1562"]
[Annotator "NA RC"]
[PlyCount "31"]
[EventDate "2022.01.29"]
[EventType "swiss"]
[EventCountry "GER"]
[SourceTitle "playchess.com"]
[Source "ChessBase"]
[SourceQuality "1"]

1. d4 d6 2. Nc3 g6 3. e4 Nf6 4. Bf4 Bg7 5. Qd2 O-O 6. Bh6 c6 7. Bxg7 Kxg7 8. h4 h5 9. O-O-O b5 10. Bd3 Nbd7 11. f4 e5 12. Nf3 exd4 13. Nxd4 Bb7 14. f5 Ne5 15. fxg6 fxg6 16. Ne6+ 1-0

[Event "Chessemy Open 2022"]
[Site "Reinstorf"]
[Date "2022.01.30"]
[Round "2.4"]
[White "Zaragatski, Ilja"]
[Black "Pfau, Beate"]
[Result "1-0"]
[WhiteElo "2509"]
[BlackElo "2034"]
[Annotator "TA"]
[PlyCount "59"]
[EventDate "2022.01.29"]
[EventType "swiss"]
[EventCountry "GER"]
[SourceTitle "playchess.com"]
[Source "ChessBase"]
[SourceQuality "1"]

1. Nf3 Nf6 2. g3 g6 3. b3 Bg7 4. Bb2 c5 5. c4 Nc6 6. Bg2 d6 7. d4 cxd4 8. Nxd4 Bd7 9. Nc2 O-O 10. Nc3 Qc8 11. h4 h5 12. Ne3 Ng4 13. Ned5 e6 14. Nf4 Bd4 15. O-O Be5 16. Qd2 Rd8 17. Ne4 Be8 18. Bh3 d5 19. cxd5 exd5 20. Nf6+ Bxf6 21. Bxf6 Rd6 22. Bb2 Qd8 23. Rad1 d4 24. e4 Nge5 25. Bg2 d3 26. Nd5 Kh7 27. f4 Ng4 28. Qxd3 Qa5 29. b4 Qxa2 30. Qc3 1-0

[Event "Chessemy Open 2022"]
[Site "Reinstorf"]
[Date "2022.01.30"]
[Round "2.4"]
[White "Zoellner, Bente"]
[Black "Klein, Gernot"]
[Result "1/2-1/2"]
[WhiteElo "1562"]
[BlackElo "1862"]
[Annotator "NA RC"]
[PlyCount "75"]
[EventDate "2022.01.29"]
[EventType "swiss"]
[EventCountry "GER"]
[SourceTitle "playchess.com"]
[Source "ChessBase"]
[SourceQuality "1"]

1. d4 d5 2. Nc3 Nf6 3. Bf4 c6 4. e3 Nbd7 5. f3 e6 6. Bd3 Be7 7. g4 Nb6 8. Nge2 Bd6 9. h4 Qe7 10. Qd2 Bd7 11. O-O-O O-O-O 12. Bxd6 Qxd6 13. e4 dxe4 14. fxe4 e5 15. dxe5 Qxe5 16. g5 Nh5 17. Qe3 Be6 18. Rhf1 Rhe8 19. Nf4 Nxf4 20. Qxf4 Qxf4+ 21. Rxf4 Nc4 22. Bxc4 Bxc4 23. Re1 Re5 24. Rf5 Rde8 25. Kd2 R5e7 26. b3 Be6 27. Rf4 Rd8+ 28. Ke3 b6 29. a4 Kc7 30. Kf3 Rd2 31. Re2 Rxe2 32. Nxe2 Rd7 33. Ke3 c5 34. Rf1 Kd8 35. Nf4 Ke7 36. Nh5 Kf8 37. Nf4 Ke7 38. Nh5 1/2-1/2